Sound, heat & light: energy at work / (Record no. 5019)

MARC details
000 -LEADER
fixed length control field 00894nam a22003017a 4500
001 - CONTROL NUMBER
control field 5019
003 - CONTROL NUMBER IDENTIFIER
control field FISKH
005 - DATE AND TIME OF LATEST TRANSACTION
control field 20250827093913.0
008 - FIXED-LENGTH DATA ELEMENTS--GENERAL INFORMATION
fixed length control field 241031b cb ||||| |||| 00| 0 eng d
020 ## - INTERNATIONAL STANDARD BOOK NUMBER
International Standard Book Number 9780590461030
040 ## - CATALOGING SOURCE
Original cataloging agency FISKH
Language of cataloging eng
Transcribing agency FISKH
Modifying agency FISKH
050 ## - LIBRARY OF CONGRESS CALL NUMBER
Classification number QC73.B47
082 ## - DEWEY DECIMAL CLASSIFICATION NUMBER
Edition number 530
100 ## - MAIN ENTRY--PERSONAL NAME
Personal name Berger, Melvin
Dates associated with a name (1927-)
245 ## - TITLE STATEMENT
Title Sound, heat & light: energy at work /
Statement of responsibility, etc. by Melvin Berger illustrated by Anna Divito
250 ## - EDITION STATEMENT
Edition statement 1992
260 ## - PUBLICATION, DISTRIBUTION, ETC.
Place of publication, distribution, etc. New York :
Name of publisher, distributor, etc. Scholastic,
Date of publication, distribution, etc. 1992.
300 ## - PHYSICAL DESCRIPTION
Extent 40 pages :
Other physical details color illustrations ;
Dimensions 22 cm
505 ## - FORMATTED CONTENTS NOTE
Formatted contents note J<br/><br/>
520 ## - SUMMARY, ETC.
Summary, etc. Easy-to-grasp explanation of three forms of energy: sound, heat, and light.
521 8# - TARGET AUDIENCE NOTE
Target audience note 490<br/><br/>
Source Lexile<br/>
521 8# - TARGET AUDIENCE NOTE
Target audience note J<br/>
Source Raz-Plus<br/><br/>
650 ## - SUBJECT ADDED ENTRY--TOPICAL TERM
Source of heading or term Non-fiction
Topical term or geographic name entry element Sound
650 ## - SUBJECT ADDED ENTRY--TOPICAL TERM
Source of heading or term Heat
Topical term or geographic name entry element Informational
700 ## - ADDED ENTRY--PERSONAL NAME
Personal name Divito, Anna
Dates associated with a name Illustrator
942 ## - ADDED ENTRY ELEMENTS (KOHA)
Source of classification or shelving scheme Dewey Decimal Classification
Koha item type Books
Suppress in OPAC No
Holdings
Withdrawn status Lost status Source of classification or shelving scheme Damaged status Not for loan Collection Home library Current library Shelving location Date acquired Total Checkouts Full call number Barcode Date last seen Date last checked out Copy number Price effective from Koha item type
    Dewey Decimal Classification     Non-Fiction Footprints International School Library Network Toul Kork Campus Footprints International School Library Network Toul Kork Campus TK Primary Library Room(4th Floor), Bookcase 1&2, Shelves 1-16, Dark Blue Books 10/31/2024 1 BER 530 QC73.B47 FISTK00632 06/03/2025 03/05/2025 1 10/31/2024 Books
    Dewey Decimal Classification     Non-Fiction Footprints International School Library Network Toul Tom Poung Campus Footprints International School Library Network Toul Tom Poung Campus TTP Primary Dark Blue Bookshelves 08/27/2025 1 BER 530 QC73.B47 FISBK04222 03/31/2026 03/02/2026 2 08/27/2025 Books